| 000 | 00790naa a22002537a 4500 | ||
|---|---|---|---|
| 001 | BR6700207 | ||
| 003 | BR-BrBNA | ||
| 005 | 20250709164609.0 | ||
| 007 | ta | ||
| 008 | 250630b bl.|||m| |||| 00| 0 por d | ||
| 040 |
_aBR-BrBNA _bpor _cBiblioteca Nacional de Agricultura |
||
| 041 | _a(Pt) | ||
| 072 |
_aH20 _b2120 _b4100 |
||
| 090 | _aH20 BR6700207 | ||
| 100 | 1 | _aGalli, F. | |
| 245 | 1 | _aDoencas do cafeeiro [Coffea arabica] | |
| 500 | _aManual do cafeicultor Graner, E.A.Godoy Junior, C. (eds.) Sao Paulo, SP (Brasil): Melhoramentos, 1967. p. 227-230 (BR6700207-AMS) | ||
| 650 | _aDoenca de planta | ||
| 650 | _aCafe | ||
| 650 | _aControle quimico | ||
| 490 | _aBiblioteca Agronomica Melhoramentos (Brazil) | ||
| 942 |
_cAMS _2AGRIS |
||
| 909 |
_a202506 _bLúcia _c55 _dLúcia Elande |
||
| 999 |
_c332605 _d332605 |
||